书目信息 |
| 题名: |
大学物理导教.导学.导考
|
|
| 作者: | 刘云鹏 , 时新玲 主编 | |
| 分册: | ||
| 出版信息: | 西安 西北工业大学出版社 2006.08 |
|
| 页数: | 198页 | |
| 开本: | 24cm | |
| 丛书名: | ||
| 单 册: | ||
| 中图分类: | O4 | |
| 科图分类: | ||
| 主题词: | 物理学 | |
| 电子资源: | ||
| ISBN: | 7-5612-2111-8 | |
| 000 | 00677 nam 000229 | |
| 001 | 012000000897 | |
| 005 | 20070902150958.50 | |
| 010 | @a7-5612-2111-8@dCNY18.00 | |
| 100 | @a20070715d2006 em y0chiy0121 ea | |
| 101 | @achi | |
| 102 | @aCN@b610000 | |
| 105 | @ay z 000yy | |
| 200 | 10 | @a大学物理导教.导学.导考@9da xue wu li dao jiao . dao xue . dao kao@f时新玲,刘云鹏主编@Fshi xin ling , liu yun peng zhu bian |
| 210 | @a西安@c西北工业大学出版社@d2006.08 | |
| 215 | @a198页@d24cm | |
| 606 | @a物理学 | |
| 690 | @aO4@v4 | |
| 701 | 1 | @a刘云鹏@9liu yun peng@4主编 |
| 701 | 0 | @a时新玲@9shi xin ling@4主编 |
| 801 | @aCN@c20070902 | |
| 901 | @a000001 | |
| 905 | @dO4@eS5621 | |
| 大学物理导教.导学.导考/时新玲,刘云鹏主编.-西安:西北工业大学出版社,2006.08 |
| 198页;24cm |
| ISBN 7-5612-2111-8:CNY18.00 |
| ● |
| 相关链接 |
|
|
|
正题名:大学物理导教·导学·导考
索取号:O4/S5621
 
预约/预借
| 序号 | 登录号 | 条形码 | 馆藏地/架位号 | 状态 | 备注 |
| 1 | 642519 | 206425199 | 自科库401/401自科库 54排4列3层/ [索取号:O4/S5621] | 在馆 | |
| 2 | 642520 | 206425206 | 自科库401/401自科库 54排4列3层/ [索取号:O4/S5621] | 在馆 | |
| 3 | 642521 | 206425215 | 自科库401/401自科库 54排4列3层/ [索取号:O4/S5621] | 在馆 |